书目信息 |
| 题名: |
乐队指挥法
|
|
| 作者: | 朴东生 著 | |
| 分册: | ||
| 出版信息: | 北京 人民音乐出版社 1981 |
|
| 页数: | 163页 | |
| 开本: | 21cm | |
| 丛书名: | ||
| 单 册: | ||
| 中图分类: | J615.2 | |
| 科图分类: | ||
| 主题词: | 乐队-指挥法 , 指挥法-乐队 | |
| 电子资源: | ||
| ISBN: | ||
| 000 | 00623nam0 2200241 45 | |
| 001 | 0181002843 | |
| 005 | 20060817110634.06 | |
| 010 | @dCNY0.94 | |
| 091 | @a8026.3875 | |
| 100 | @a19950626d1981 em y0chiy0121 ea | |
| 101 | 0 | @achi |
| 102 | @aCN@b110000 | |
| 105 | @ay z 000yy | |
| 200 | 10 | @a乐队指挥法@Ayue dui zhi hui fa@f朴东生著 |
| 210 | @a北京@c人民音乐出版社@d1981 | |
| 215 | @a163页@d21cm | |
| 606 | @a乐队-指挥法 | |
| 606 | @a指挥法-乐队 | |
| 690 | @aJ615.2@v3 | |
| 701 | 0 | @a朴东生@Apu dong sheng@4著 |
| 801 | 2 | @aCN@bNLC@c20060817 |
| 801 | 0 | @aCN@b上海图书馆@c20040514 |
| 905 | @dJ615.2@e24@f1@b73734 | |
| 乐队指挥法/朴东生著.-北京:人民音乐出版社,1981 |
| 163页;21cm |
| ISBN :CNY0.94 |
| ● |
| 相关链接 |
|
|
|
|
正题名:乐队指挥法
索取号:J615.2/24
 
预约/预借
| 序号 | 登录号 | 条形码 | 馆藏地/架位号 | 状态 | 备注 |
| 1 | 0073734 | 000573846 | 密集书库/ [索取号:J615.2/24] | 在馆 | |
| 2 | 0073735 | 000573819 | 第一样本阅览室/ [索取号:J615.2/24] | 在馆 | |
| 3 | 0466238 | 204662383 | 密集书库/ [索取号:J615.2/24] | 在馆 | |
| 4 | 0466239 | 204662392 | 密集书库/ [索取号:J615.2/24] | 在馆 |